Look and count / (Record no. 4044)

MARC details
000 -LEADER
fixed length control field 00960cam a22002534a 4500
005 - DATE AND TIME OF LATEST TRANSACTION
control field 20240603114616.0
020 ## - INTERNATIONAL STANDARD BOOK NUMBER
International Standard Book Number 0516249584
040 ## - CATALOGING SOURCE
Original cataloging agency DLC
Transcribing agency DLC
Modifying agency IG#
-- BAKER
-- DLC
Language of cataloging eng
050 00 - LIBRARY OF CONGRESS CALL NUMBER
Classification number QA113.D3575
Item number 2006
082 00 - DEWEY DECIMAL CLASSIFICATION NUMBER
Classification number 513.2
100 1# - MAIN ENTRY--PERSONAL NAME
Personal name Dalton, Julie
Dates associated with a name 1951-
245 10 - TITLE STATEMENT
Title Look and count /
Statement of responsibility, etc. by Julie Dalton
260 ## - PUBLICATION, DISTRIBUTION, ETC.
Place of publication, distribution, etc. New York :
Name of publisher, distributor, etc. Children's Press,
Date of publication, distribution, etc. 2006
300 ## - PHYSICAL DESCRIPTION
Extent 31 pages :
Other physical details color illustrations ;
Dimensions 19 cm.
490 ## - SERIES STATEMENT
Series statement Rookie Read-About Math
505 ## - FORMATTED CONTENTS NOTE
Formatted contents note F <br/>
520 ## - SUMMARY, ETC.
Summary, etc. The popular Rookie Books expand their horizons - to all corners of the globe! With this series all about geography, emergent readers will take off on adventures to cities, nations, waterways, and habitats around the world...and right in their own backyards.
521 ## - TARGET AUDIENCE NOTE
Target audience note 350 <br/>
Source Lexile <br/>
521 ## - TARGET AUDIENCE NOTE
Target audience note F <br/>
Source Raz-Plus <br/>
650 #0 - SUBJECT ADDED ENTRY--TOPICAL TERM
Topical term or geographic name entry element Counting
Form subdivision Juvenile literature.
906 ## - LOCAL DATA ELEMENT F, LDF (RLIN)
a 7
b cbc
c orignew
d 1
e ecip
f 20
g y-gencatlg
942 ## - ADDED ENTRY ELEMENTS (KOHA)
Source of classification or shelving scheme Dewey Decimal Classification
Koha item type Books
Suppress in OPAC No
999 ## -
-- 4044
-- 4044
Holdings
Withdrawn status Lost status Source of classification or shelving scheme Damaged status Not for loan Collection Home library Current library Shelving location Date acquired Total Checkouts Full call number Barcode Date last seen Date last checked out Price effective from Koha item type
    Dewey Decimal Classification     Non-Fiction Footprints International School Library Network Toul Kork Campus Footprints International School Library Network Toul Tom Poung Campus   06/03/2024 2 DAL 513.2 QA113.D3575 FISTK03280 10/24/2025 10/24/2025 06/03/2024 Books